[Event "Schleswig Holstein-ch U16 Vormeister"]
[Site "Neumuenster"]
[Date "2011.04.30"]
[Round "8.8"]
[White "Ruegge, Moritz"]
[Black "Reich, Sven"]
[Result "0-1"]
[WhiteElo "923"]
[BlackElo "1156"]
[PlyCount "86"]
[EventDate "2011.04.25"]
[EventType "swiss"]
[EventRounds "9"]
[EventCountry "GER"]
[SourceTitle "EXT 2022"]
[Source "ChessBase"]
[SourceDate "2021.10.06"]
[SourceVersion "1"]
[SourceVersionDate "2021.10.06"]
[SourceQuality "1"]

1. e4 e5 2. Nf3 Nc6 3. Bb5 Nf6 4. Nc3 d6 5. d4 a6 6. Bc4 b5 7. Bd5 Nxd5 8. exd5 Nxd4 9. Nxd4 exd4 10. Qxd4 f6 11. 0-0 Be7 12. Re1 0-0 13. Bf4 Qd7 14. Re2 Bb7 15. Rae1 Rfe8 16. Qe4 Bf8 17. Qf3 c6 18. Re3 Rxe3 19. Rxe3 Re8 20. h3 Rxe3 21. Bxe3 cxd5 22. Nxd5 Qc6 23. Nf4 Qxf3 24. gxf3 Bxf3 25. Ne6 Be7 26. Nc7 Bb7 27. Kf1 Kf7 28. Ke2 Bd8 29. Nxa6 Bxa6 30. Kd2 Ke6 31. c3 d5 32. f3 g5 33. a3 Kd6 34. b4 Kc6 35. Kd3 Bc8 36. h4 gxh4 37. Bf4 h3 38. Ke2 Bc7 39. Kf2 Bxf4 40. Kg1 h2+ 41. Kh1 Bf5 42. Kg2 Be4 43. fxe4 dxe4 0-1